[Event "Olympiad Women-45"]
[Site "Budapest"]
[Date "2024.09.16"]
[Round "6.46"]
[White "Nevska, Gerda"]
[Black "Vasquez Vasquez, Marielos"]
[Result "0-1"]
[WhiteElo "1892"]
[BlackElo "1844"]
[PlyCount "126"]
[EventDate "2024.09.11"]
[EventType "team-swiss"]
[EventRounds "11"]
[EventCountry "HUN"]
[SourceTitle "EXT 2025"]
[Source "ChessBase"]
[SourceDate "2024.10.14"]
[SourceVersion "1"]
[SourceVersionDate "2024.10.14"]
[SourceQuality "1"]
[WhiteTeam "Guernsey (W)"]
[BlackTeam "El Salvador (W)"]
[WhiteTeamCountry "GCI"]
[BlackTeamCountry "ESA"]

1. c4 Nf6 2. Nc3 g6 3. e4 d6 4. g3 Bg7 5. Bg2 0-0 6. Nge2 c5 7. 0-0 Nc6 8. h3 Ne8 9. Rb1 Rb8 10. a3 a5 11. d3 Nc7 12. b3 Nd4 13. b4 axb4 14. axb4 cxb4 15. Rxb4 Nxe2+ 16. Nxe2 b5 17. Be3 Bd7 18. Qc1 Na6 19. Rb3 Nc5 20. Bxc5 dxc5 21. cxb5 Rxb5 22. Rxb5 Bxb5 23. Qxc5 Qxd3 24. Nf4 Qd7 25. Rb1 Ba4 26. Nd5 e6 27. Nb6 Qd3 28. Rb4 Bd1 29. e5 Rd8 30. Nc4 Bf8 31. Nd6 Bxd6 32. exd6 Qxd6 33. Qa5 Qd2 34. Qc7 Qd6 35. Qa5 Be2 36. Re4 Bd3 37. Rb4 Bf5 38. Rb7 Rc8 39. Qa7 Qd1+ 40. Kh2 Rf8 41. Qe3 Qa1 42. Re7 Qf6 43. Rb7 h5 44. Rb4 Rd8 45. Bf3 Kg7 46. Kg2 Rd3 47. Qc5 Bxh3+ 48. Kxh3 Rxf3 49. Kg2 Rf5 50. Qa7 Qc3 51. Qb7 Qd2 52. Qb6 Qd5+ 53. Kg1 Qd1+ 54. Kg2 Qf3+ 55. Kg1 Rd5 56. Rb1 h4 57. gxh4 Qg4+ 58. Kf1 Qh3+ 59. Kg1 Qxh4 60. Rb3 Rd1+ 61. Kg2 Qh1+ 62. Kg3 g5 63. Qb4 Rg1# 0-1

[Event "Caribbean-chT Rapid 24th"]
[Site "San Salvador"]
[Date "2023.07.03"]
[Round "4.1"]
[White "Viana, Valeria"]
[Black "Vasquez Vasquez, Marielos"]
[Result "1/2-1/2"]
[WhiteElo "1495"]
[BlackElo "1718"]
[PlyCount "162"]
[EventDate "2023.07.03"]
[EventType "tourn (rapid)"]
[EventRounds "15"]
[EventCountry "ESA"]
[SourceTitle "CBM 215 Extra"]
[Source "ChessBase"]
[SourceDate "2023.09.30"]
[SourceVersion "1"]
[SourceVersionDate "2023.09.30"]
[SourceQuality "1"]
[WhiteTeam "Honduras"]
[BlackTeam "El Salvador"]
[WhiteTeamCountry "HON"]
[BlackTeamCountry "ESA"]

1. e4 c5 2. Nf3 Nc6 3. Bb5 g6 4. c3 a6 5. Bxc6 bxc6 6. 0-0 Bg7 7. e5 d6 8. Re1 Nh6 9. Na3 0-0 10. Nc4 d5 11. Na3 d4 12. d3 Bf5 13. cxd4 cxd4 14. Nc4 Be6 15. Qc2 Nf5 16. b3 Bd5 17. Qe2 c5 18. Ng5 Bxc4 19. bxc4 h6 20. Nf3 e6 21. Qe4 Qc7 22. Bd2 Rfb8 23. Rab1 Ne7 24. h3 Nc6 25. Bf4 Nb4 26. a3 Nc2 27. Rec1 Nxa3 28. Ra1 Qa5 29. Qe2 Rb3 30. Qd1 Rab8 31. Ne1 Qb6 32. Nf3 g5 33. Bg3 Qb4 34. Ne1 a5 35. Nc2 Nxc2 36. Rxc2 a4 37. Rcc1 a3 38. Ra2 Rb2 39. Rxb2 axb2 40. Rb1 Qc3 41. f3 Rb3 42. Be1 Qxd3 43. Qxd3 Rxd3 44. Rxb2 Bxe5 45. Kf2 h5 46. Rb5 h4 47. Rb1 Bg3+ 48. Ke2 Re3+ 49. Kd2 Bf4 50. Kd1 d3 51. Bd2 Re2 52. Bxf4 gxf4 53. Rb3 Rc2 54. Rxd3 Rxc4 55. Kd2 Kg7 56. Ra3 Kf6 57. Ra5 Ke5 58. Kd3 Rd4+ 59. Kc3 Kd5 60. Ra7 f5 61. Rh7 Ra4 62. Rxh4 Ke5 63. Kb3 Rd4 64. Kc2 c4 65. Rh8 Rd5 66. Rc8 Ra5 67. Kb2 Ra4 68. h4 Kf6 69. Rc6 Rb4+ 70. Kc3 Rb3+ 71. Kc2 Re3 72. Kd2 Ra3 73. Rxc4 Ra8 74. Rxf4 Ra2+ 75. Ke3 Rxg2 76. Ra4 Rh2 77. Rb4 Kg6 78. Rb6 Kf6 79. Rb4 Kg6 80. Rb6 Kf6 81. Rb4 Kg6 1/2-1/2

[Event "American Continental 16th"]
[Site "San Salvador"]
[Date "2022.05.04"]
[Round "4"]
[White "Herrera, Marjorie"]
[Black "Vasquez Vasquez, Marielos"]
[Result "1-0"]
[WhiteElo "1774"]
[BlackElo "1624"]
[PlyCount "63"]
[EventDate "2022.05.02"]
[EventType "swiss"]
[EventRounds "11"]
[EventCountry "ESA"]
[SourceTitle "CBM 208 Extra"]
[Source "ChessBase"]
[SourceDate "2022.07.31"]
[SourceVersion "1"]
[SourceVersionDate "2022.07.31"]
[SourceQuality "1"]

1. e4 c5 2. Nc3 Nc6 3. f4 g6 4. Bc4 Bg7 5. Nf3 e6 6. d3 Nge7 7. 0-0 0-0 8. Qe1 d5 9. Bb3 Nd4 10. Nxd4 cxd4 11. Ne2 a5 12. Ba4 dxe4 13. dxe4 b6 14. Bb5 Bb7 15. Bd3 f5 16. Ng3 Rc8 17. Bd2 fxe4 18. Nxe4 Nf5 19. Kh1 Qd5 20. Qe2 Ne3 21. Bxe3 dxe3 22. Qxe3 Bxb2 23. Rab1 Bd4 24. Qh3 Rf7 25. Ng5 Re7 26. Rbe1 Qxa2 27. Rxe6 Rcc7 28. Rxe7 Rxe7 29. f5 Bf6 30. Qg4 Bd5 31. fxg6 Bxg5 32. Qc8+ 1-0

[Event "Online Olym Div3 E"]
[Site "Chess.com INT"]
[Date "2021.08.28"]
[Round "4.1"]
[White "Vasquez Vasquez, Marielos"]
[Black "Alvarado Perez, Coralys M"]
[Result "1-0"]
[WhiteElo "1498"]
[BlackElo "1529"]
[PlyCount "61"]
[EventDate "2021.08.27"]
[EventType "team-tourn (rapid)"]
[EventRounds "9"]
[EventCountry "USA"]
[SourceTitle "CBM 204 Extra"]
[Source "ChessBase"]
[SourceDate "2021.11.30"]
[SourceVersion "1"]
[SourceVersionDate "2021.11.30"]
[SourceQuality "1"]
[WhiteTeam "El Salvador"]
[BlackTeam "Puerto Rico"]
[WhiteTeamCountry "ESA"]
[BlackTeamCountry "PUR"]

1. c4 Nf6 2. Nc3 e6 3. d4 d5 4. cxd5 exd5 5. Bg5 Be7 6. e3 0-0 7. Bd3 b6 8. Nge2 Ba6 9. 0-0 Bxd3 10. Qxd3 Nbd7 11. Rac1 c5 12. dxc5 Nxc5 13. Qd1 Nce4 14. Bxf6 Bxf6 15. Nd4 Rc8 16. Qd3 Re8 17. Rfd1 Qd7 18. Ndb5 Nxc3 19. Nxc3 Red8 20. e4 d4 21. Nd5 Bg5 22. f4 Rxc1 23. Rxc1 Be7 24. Rc7 Qd6 25. Rxe7 Rc8 26. Rxa7 h6 27. b4 Rc1+ 28. Kf2 Rc8 29. Qxd4 Rc2+ 30. Kf3 Qg6 31. Ne7+ 1-0

[Event "Online Olym Div3 E"]
[Site "Chess.com INT"]
[Date "2021.08.27"]
[Round "2.2"]
[White "Beukes, Jamie Nicole"]
[Black "Vasquez Vasquez, Marielos"]
[Result "0-1"]
[WhiteElo "1128"]
[BlackElo "1498"]
[PlyCount "46"]
[EventDate "2021.08.27"]
[EventType "team-tourn (rapid)"]
[EventRounds "9"]
[EventCountry "USA"]
[SourceTitle "CBM 204 Extra"]
[Source "ChessBase"]
[SourceDate "2021.11.30"]
[SourceVersion "1"]
[SourceVersionDate "2021.11.30"]
[SourceQuality "1"]
[WhiteTeam "Namibia"]
[BlackTeam "El Salvador"]
[WhiteTeamCountry "NAM"]
[BlackTeamCountry "ESA"]

1. e4 c5 2. Nf3 Nc6 3. Bb5 g6 4. c3 d5 5. Qe2 a6 6. exd5 Qxd5 7. Bc4 Qd6 8. Ng5 Ne5 9. Bb3 Bg7 10. f4 Nd3+ 11. Kd1 Bg4 12. Nf3 Nf6 13. h3 Nxf4 14. Qc4 Be6 15. Qf1 Bxb3+ 16. axb3 Nd3 17. Kc2 0-0-0 18. Na3 b5 19. c4 b4 20. Nb1 Ne4 21. Ne1 Nef2 22. Rg1 Nxe1+ 23. Qxe1 Qd3# 0-1